书目信息 |
| 题名: |
汽车底盘常见故障及检修
|
|
| 作者: | 黄虎 主编 | |
| 分册: | ||
| 出版信息: | 上海 上海科学技术文献出版社 2016.3 |
|
| 页数: | 339页 | |
| 开本: | 24cm | |
| 丛书名: | ||
| 单 册: | ||
| 中图分类: | U463.1 , U472.41 | |
| 科图分类: | ||
| 主题词: | 汽车--底盘--结构 , 汽车--底盘--维修 | |
| 电子资源: | ||
| ISBN: | 978-7-5439-6963-6 | |
| 000 | 00920nam0 2200265 450 | |
| 001 | 0400002866 | |
| 005 | 20171021151739.0 | |
| 010 | @a978-7-5439-6963-6@dCNY53.00 | |
| 100 | @a20160620d2016 em y0chiy50 ea | |
| 101 | 0 | @achi |
| 102 | @aCN@b310000 | |
| 105 | @aa z 000yy | |
| 106 | @ar | |
| 200 | 1 | @a汽车底盘常见故障及检修@9qi che di pan chang jian gu zhang ji jian xiu@f@主编黄虎 |
| 210 | @a上海@c上海科学技术文献出版社@d2016.3 | |
| 215 | @a339页@c图@d24cm | |
| 300 | @a合众汽车馆/吴光强总主编 | |
| 330 | @a本书系统介绍了汽车底盘及检修基础知识、离合器、普通齿轮式变速器、汽车自动变速器、万向传动装置与驱动桥、车桥与悬架系统、车轮和轮胎、汽车转向系统、制动系统、ABS与ASR的结构与检修。 | |
| 606 | 0 | @a汽车@x底盘@x结构 |
| 606 | 0 | @a汽车@x底盘@x维修 |
| 690 | @aU463.1@v5 | |
| 690 | @aU472.41@v5 | |
| 701 | 0 | @a黄虎@9huang hu@4主编 |
| 801 | 0 | @aCN@b91MARC@c20171021 |
| 905 | @b1032830-4@dU463.1@f5@e549 | |
| 汽车底盘常见故障及检修.-上海:上海科学技术文献出版社,2016.3 |
| 339页:图;24cm |
| 合众汽车馆/吴光强总主编 |
| ISBN 978-7-5439-6963-6:CNY53.00 |
| 本书系统介绍了汽车底盘及检修基础知识、离合器、普通齿轮式变速器、汽车自动变速器、万向传动装置与驱动桥、车桥与悬架系统、车轮和轮胎、汽车转向系统、制动系统、ABS与ASR的结构与检修。 |
| ● |
| 相关链接 |
|
|
|
|
正题名:汽车底盘常见故障及检修
索取号:U463.1/549
 
预约/预借
| 序号 | 登录号 | 条形码 | 馆藏地/架位号 | 状态 | 备注 |
| 1 | 1032830 | 210328304 | 第二样本阅览室/ [索取号:U463.1/549] | 在馆 | |
| 2 | 1032831 | 210328313 | 密集书库-物理学院/ [索取号:U463.1/549] | 在馆 | |
| 3 | 1032832 | 210328322 | 第三借阅区/ [索取号:U463.1/549] | 在馆 | |
| 4 | 1032833 | 210328331 | 第三借阅区/ [索取号:U463.1/549] | 在馆 | |
| 5 | 1032834 | 210328340 | 第三借阅区/ [索取号:U463.1/549] | 在馆 |